000 00710nam a2200241Ia 4500
003 GCL
005 20240530110920.0
008 140319s9999 xx 000 0 ara d
040 _aGCL /
_cGCL
082 0 4 _a332.673
_bع ت
100 0 _aعادل المهدى
245 1 2 _aالتمويل الدولى /
_cعادل المهدى
260 _a[S.N] :
_bدار العربى للنشر والتوزيع ،
300 _a272 ص
650 0 4 _aالاستثمار
650 0 4 _aالنقود
650 0 4 _aراس المال
650 0 4 _aالتمويل الدولى
650 0 4 _aالتمويل
650 0 4 _aالبنوك الدولية
650 0 4 _aالتبادل الخارجى
942 _2ddc
_cBK
999 _c66468
_d66468